Southville International School and Colleges
Your cart is empty.
  • Cart
  • Lists
    Public lists Eva Luna New books Lux_list list_1
    Your lists Log in to create your own lists
  • Log in to your account
  • Your cookies
  • Search history
Southville International School and Colleges
  • Advanced search
  • Recent comments
  • Most popular
  • Libraries

Log in to your account

Log in with GOOGLE


If you do not have an external account, but do have a local account, you can still log in:

  1. Home
  2. MARC view: Alternative journalism :
Normal view MARC view ISBD view

Alternative journalism : (Record no. 24915)

[ view plain ]
MARC details
000 -LEADER
fixed length control field 00546nam a2200193 a 4500
005 - DATE AND TIME OF LATEST TRANSACTION
control field 20140310183549.0
008 - FIXED-LENGTH DATA ELEMENTS--GENERAL INFORMATION
fixed length control field 110930s19uu xx 00 eng d
020 ## - INTERNATIONAL STANDARD BOOK NUMBER
International Standard Book Number 9781412947039
050 ## - LIBRARY OF CONGRESS CALL NUMBER
Classification number PN 4775
Item number .At88 2008
100 ## - MAIN ENTRY--PERSONAL NAME
Personal name Atton, Chris
245 ## - TITLE STATEMENT
Title Alternative journalism :
Remainder of title journalism studies keys texts /
Statement of responsibility, etc Chris Atton and James Hamilton.
260 ## - PUBLICATION, DISTRIBUTION, ETC. (IMPRINT)
Place of publication, distribution, etc Los Angeles :
Name of publisher, distributor, etc Sage,
Date of publication, distribution, etc 2008.
300 ## - PHYSICAL DESCRIPTION
Extent 179 p. :
Dimensions 24 cm.
521 ## - TARGET AUDIENCE NOTE
Target audience note
650 ## - SUBJECT ADDED ENTRY--TOPICAL TERM
Topical term or geographic name as entry element Journalism
700 ## - ADDED ENTRY--PERSONAL NAME
Personal name Hamilton, James
942 ## - ADDED ENTRY ELEMENTS (KOHA)
Koha item type Books
Source of classification or shelving scheme Library of Congress Classification
Call number prefix Foreign
Holdings
Withdrawn status Lost status Source of classification or shelving scheme Damaged status Home library Current library Shelving location Date acquired Source of acquisition Cost, normal purchase price Total Checkouts Total Renewals Full call number Barcode Date last seen Date checked out Copy number Price effective from Koha item type
    Library of Congress Classification   College Library College Library General Circulation Section 09/30/2011   2303.00 1 10 PN 4775 .At88 2008 C13681 05/15/2018 09/05/2015 1 10/18/2013 Books

Alternative journalism :

APA

Atton C., Hamilton J., . (2008). Alternative journalism. Los Angeles: Sage.

Chicago

Atton Chris, Hamilton James, . 2008. Alternative journalism. Los Angeles: Sage.

Harvard

Atton C., Hamilton J., . (2008). Alternative journalism. Los Angeles: Sage.

MLA

Atton Chris, Hamilton James, . Alternative journalism. Los Angeles: Sage. 2008.

  • Place hold
  • Print
  • Cite
  • Add to your cart (remove)
  • Save record
    BIBTEX Dublin Core MARCXML MARC (non-Unicode/MARC-8) MARC (Unicode/UTF-8) MARC (Unicode/UTF-8, Standard) MODS (XML) RIS
  • More searches
    Search for this title in:
    Other Libraries (WorldCat) Other Databases (Google Scholar) Online Stores (Bookfinder.com) Open Library (openlibrary.org)

Exporting to Dublin Core...

SOUTHVILLE LIBRARY

Southville International School and Colleges Library

1281 Tropical Ave. Cor. Luxembourg St., BF Homes International, Las Pinas City

Tel. No. 8256374 / 252358 Loc. 117/146

Powered by Koha